El ms̀ all ̀de mis bienes

Detalles Bibliográficos
Autor principal: Přez-Pozo Toledano, Carmen
Formato: eBook
Lenguaje:español
Publicado: Barcelona: J.M. Bosch Editor, 2017
Materias:
Acceso en línea:Acceso restringido

MARC

LEADER 00000nam a22000007a 4500
005 20190326210148.0
007 cr|||| ||||
008 190326s2017 es |||||s|||| 00||0 spa d
020 |a 978-84-946634-7-5 
035 |a 23203 
040 |a vLex 
090 |c 8500  |d 8500 
100 1 |a Přez-Pozo Toledano, Carmen 
245 1 0 |a El ms̀ all ̀de mis bienes  |h [Recurso electrn̤ico] /  |c Carmen Přez-Pozo Toledano 
256 |a Servicio en ln̕ea 
260 |a Barcelona:  |b J.M. Bosch Editor,  |c 2017 
300 |a 1 recurso electrn̤ico 
506 1 |a Disponible solo en los productos indicados  |d vLex Global  |d vLex Global (Academic Edition, excluding Law Schools)  |d vLex Global (U.S. Academic Edition, Law Schools)  |d vLex Global (U.S. Academic Edition, excluding Law Schools)  |d vLex Global (Academic Edition, Law Schools) 
650 0 4 |a Derecho Civil  |z Espaą 
740 0 |a vLex Libros (Servicio en ln̕ea) 
856 4 0 |u http://vlex.com/source/mas-alla-mis-bienes-23203  |z Acceso restringido 
942 |c BOOK 
999 0 |a Civil Law